Recombinant DNA; (Record no. 6298)

MARC details
000 -LEADER
fixed length control field 00534nam a22002057a 4500
003 - CONTROL NUMBER IDENTIFIER
control field OSt
005 - DATE AND TIME OF LATEST TRANSACTION
control field 20190904095038.0
008 - FIXED-LENGTH DATA ELEMENTS--GENERAL INFORMATION
fixed length control field 190904b ||||| |||| 00| 0 eng d
020 ## - INTERNATIONAL STANDARD BOOK NUMBER
International Standard Book Number 0716722828
040 ## - CATALOGING SOURCE
Transcribing agency DDC.
082 ## - DEWEY DECIMAL CLASSIFICATION NUMBER
Classification number 572.877REC 1992.
100 ## - MAIN ENTRY--PERSONAL NAME
Personal name Watson,D.James;[et....al]
9 (RLIN) 12918
245 ## - TITLE STATEMENT
Title Recombinant DNA;
250 ## - EDITION STATEMENT
Edition statement 2nd ed.
260 ## - PUBLICATION, DISTRIBUTION, ETC. (IMPRINT)
Place of publication, distribution, etc. New York,
Name of publisher, distributor, etc. Scientific american Books.
Date of publication, distribution, etc. 1992.
300 ## - PHYSICAL DESCRIPTION
Extent xiv,626p;
Other physical details col,ill;
Dimensions 27cm.
504 ## - BIBLIOGRAPHY, ETC. NOTE
Bibliography, etc includes index.
650 ## - SUBJECT ADDED ENTRY--TOPICAL TERM
Topical term or geographic name as entry element Biology.
9 (RLIN) 5602
942 ## - ADDED ENTRY ELEMENTS (KOHA)
Source of classification or shelving scheme Dewey Decimal Classification
Koha item type Open Shelf
Holdings
Withdrawn status Lost status Source of classification or shelving scheme Damaged status Not for loan Home library Current library Date acquired Source of acquisition Inventory number Total Checkouts Full call number Barcode Date last seen Price effective from Koha item type
    Dewey Decimal Classification     MUST Main Library MUST Main Library 04/09/2019 Purchase 05/23688   572.877REC 1992. 2019-0386 04/09/2019 04/09/2019 Open Shelf
    Dewey Decimal Classification     MUST Main Library MUST Main Library 24/06/2024   04/21042   572.877REC 1992. 2024-21110 24/06/2024 24/06/2024 Open Shelf
    Dewey Decimal Classification     MUST Main Library MUST Main Library 24/06/2024   05/23689   572.877REC 1992. 2024-21111 24/06/2024 24/06/2024 Open Shelf